000 00589nam a22002057a 4500
003 BD-DhJNU
005 20260126054321.0
008 260126b |||||||| |||| 00| 0 eng d
020 _a9788189833015
040 _aBD-DhJNU
_bENG
_cBD-DhJNU
_dBD-DhJNU
082 _223
_a320.532
100 _aMiliband, Ralph
245 _aMarxism and politics :
_cRalph Miliband
260 _aIndia :
_bAakar,
_c2022.
300 _ax, 209 p. :
_c22 cm.
504 _aincludes bibliographical reference and index
650 _aHistorical Materialism
650 _aMarxian Economics
942 _2ddc
_cBK
_n0
999 _c2564
_d2564